| 000 | 00572nam a2200205 a 4500 | ||
|---|---|---|---|
| 005 | 20140310183338.0 | ||
| 008 | 061107s19uu xx 00 eng d | ||
| 020 | _a0801677874 | ||
| 050 |
_aRT 41 _b.Is785 1995 |
||
| 100 | _aDeloughery, Grace L., edited by | ||
| 245 |
_aIssues and trends in nursing / _cw/ 39 illustrations. |
||
| 250 | _a2nd ed. | ||
| 260 |
_aU.S.A : _bMosby-Year Book, Inc, _c1995. |
||
| 300 |
_a514 p. : _bill. ; _c23 cm. |
||
| 521 | _aNUR | ||
| 650 | _aNursing. | ||
| 650 |
_aNursing _xSocial aspects. |
||
| 942 |
_cBK _2lcc _kFOR |
||
| 999 |
_c21728 _d21728 |
||